Engineering Fluid Mechanics (Record no. 344557)

MARC details
000 -LEADER
fixed length control field 00460nam a2200169Ia 4500
008 - FIXED-LENGTH DATA ELEMENTS--GENERAL INFORMATION
fixed length control field 230718s9999 xx 000 0 und d
020 ## - INTERNATIONAL STANDARD BOOK NUMBER
International Standard Book Number 9788183715638
041 ## - LANGUAGE CODE
Language code of text/sound track or separate title eng
082 ## - DEWEY DECIMAL CLASSIFICATION NUMBER
Classification number 620.106
Item number GAR
100 ## - MAIN ENTRY--PERSONAL NAME
Personal name Garde R.J.
245 ## - TITLE STATEMENT
Title Engineering Fluid Mechanics
260 ## - PUBLICATION, DISTRIBUTION, ETC. (IMPRINT)
Date of publication, distribution, etc. 2014
Name of publisher, distributor, etc. Scitech Publications
300 ## - PHYSICAL DESCRIPTION
Extent 577
365 ## - TRADE PRICE
Currency code Rs.
Price amount 540.00
700 ## - ADDED ENTRY--PERSONAL NAME
Personal name Garde R.J. & Mirajgaoker A.G.
906 ## - LOCAL DATA ELEMENT F, LDF (RLIN)
d O:0551028-Apr-2017B:519222-Apr-2017
c MECH
b 405
Holdings
Withdrawn status Lost status Damaged status Not for loan Home library Current library Date acquired Vendor Budget Code Cost, normal purchase price Bill number Total Checkouts Full call number Barcode Date last seen Discount Cost, replacement price Bill Date Koha item type Original Barcode
        Cummins College of Engineering for Women Pune Cummins College of Engineering for Women Pune 28/04/2017 Om Book Stall MECH 405.00 5192   620.106 CCEP-BK-55764 18/07/2023 405 540.00 22/04/2017 Books 055764